00442nam a2200145Ia 4500100001800000650001500018942000700033654002400040245003800064260003600102082001900138546001200157999001700169952011000186 aJennings B H  aCarpentery cBK aInternational Books aAir Conditining And Refrigreation bInternational Text Book Compony a621.5bJen/Lew aENGLISH c27702d27702 001040708AFTaCRCEbCRCEc1475 | 74d2023-03-17l0o621.5 Jen/LewpAFT3812r2023-03-17w2023-03-17yBK